000 00384nam a2200169Ia 4500
005 20250423100905.0
008 250422s9999 xx 000 0 und d
020 _a9781669403
050 _aP 90 .A84/
100 _aAsemah, Ezekiel S.
245 0 _aSelected mass media themes
260 _aPlateau
260 _bMatkol Press
260 _c2011
300 _a410 p
942 _cBK
999 _c34651
_d34651